000 00673nam a22002417a 4500
003 UA-OsUOA
001 31144
007 ta
008 20041203b un ||||| |||| 00| 0 ukr d
100 _aИтина М. А.
090 _a94(40+571)01
_bИ92
942 _cBK
040 _aUA-OsUOA
_brus
_cUA-OsUOA
_dUA-OsUOA
245 _aИстория степных племен Южного Приаралья (II -начало I тысячелетия до н. э.)
300 _a240 с.
_bІлюстрації
955 _a0
041 _arus
080 _a94(40+571)01
260 _aМосква
_bНаука
_c1977
044 _aRU
650 7 _2UDC
999 _c317565
_d317565